Statistics for Daily Country Riddle #150

Click here to take the quiz!

General Stats

  • This quiz has been taken 67 times
  • The average score is 9 of 11

Answer Stats

TypeAnswer% Correct
Found LetterA
100%
Found LetterN
96%
Correctly Placed LetterA
93%
Found LetterI
93%
Correctly Placed LetterI
85%
Found LetterI
78%
Correctly Placed LetterI
76%
Correctly Placed LetterD
75%
Found LetterD
75%
Mystery CountryIndia
75%
Correctly Placed LetterN
75%

Score Distribution

Percentile by Number Answered

Percent of People with Each Score

Your Score History

You have not taken this quiz